专名中有二级字或三级字的地级行政区 - Statistics

General Stats
  • This quiz has been taken 33 times
  • The average score is 30 of 41
Answer Stats
二/三级字 地级行政区 % Correct
邯、郸 邯郸市
93%
潍坊市
86%
彦、淖 巴彦淖尔市
86%
甘孜藏族自治州
86%
喀什地区
83%
濮阳市
83%
忻州市
83%
临沂市
83%
克孜勒苏柯尔克孜自治州
83%
亳州市
79%
临汾市
79%
漯河市
79%
莆田市
79%
衢州市
79%
阜阳市
76%
东莞市
76%
邢台市
76%
湛江市
76%
郴州市
72%
巴音郭楞蒙古自治州
72%
汕头市
72%
汕尾市
72%
漳州市
72%
深圳市
72%
菏泽市
69%
朔州市
69%
淄博市
69%
滁州市
66%
普洱市
66%
阜新市
66%
陇南市
66%
泸州市
66%
韶关市
66%
张掖市
66%
儋州市
62%
日喀则市
62%
嘉峪关市
62%
绥化市
59%
渭南市
59%
邵阳市
55%
襄阳市
48%
No matching quizzes found
Score Distribution
Percent of People with Each Score
Percentile by Number Answered
Your Score History
You have not taken this quiz